| 000 | 00419nam a22001817a 4500 | ||
|---|---|---|---|
| 999 |
_c6421 _d6419 |
||
| 005 | 20210904112618.0 | ||
| 008 | 200522b xxu||||| |||| 00| 0 eng d | ||
| 020 | _a9789386515179 | ||
| 041 | _aeng | ||
| 082 | _a340.52 | ||
| 100 |
_aMulla ,Sir Dinshaw Fardunji _95733 |
||
| 245 | _aHindu Law | ||
| 250 | _a62'thed. | ||
| 260 |
_aHaryana _bLexisNexis |
||
| 300 | _a1548,cc/xii | ||
| 650 |
_aLAW _95701 |
||
| 942 | _cBK | ||